000
00178 a2200097 4500
001
4120
100
_a
Dazoo,J.J
245
_a
260
_a
_b
Hutchinson
_c
090
_c
3337
_d
3337
942
_a
NUST-CAE
_c
_c
25969
999
_c
239193
_d
239193